[Event "DEM U12/U12w 2009"]
[Site "Willingen GER"]
[Date "2009.06.03"]
[Round "6"]
[White "Birnkraut, Tim"]
[Black "Schmitt, Carsten"]
[Result "1-0"]
[Termination "normal"]
[Board "22"]
[WhiteElo "1328"]
[BlackElo "1624"]
[PlyCount "121"]
[WhiteFideId "24609587"]
[BlackFideId "24661040"]
[EventCountry "GER"]
[EventRounds "11"]
[EventType "swiss"]
[EventDate "2009.05.30"]

1. e4 c5 2. c4 e6 3. Nc3 Nc6 4. Nf3 g6 5. d4 cxd4 6. Nxd4 Bg7 7. Be3 Nge7 8.
Be2 a6 9. O-O O-O 10. Qd2 Re8 11. Rfd1 Qc7 12. Rac1 b6 13. f3 Bb7 14. Nxc6 Bxc6
15. Qd6 Qxd6 16. Rxd6 Be5 17. Rdd1 Bc7 18. b4 Red8 19. Bg5 Kf8 20. Rd3 Be5 21.
Be3 Nc8 22. Bd4 Bxd4+ 23. Rxd4 Ke8 24. Rcd1 Ne7 25. a4 e5 26. Rd6 f5 27. b5
axb5 28. axb5 Nc8 29. bxc6 Nxd6 30. c7 Rdc8 31. Rxd6 Rxc7 32. Rxb6 Rca7 33. Rb1
Kd8 34. Nd5 Ra2 35. Kf1 d6 36. Nf6 Rd2 37. Re1 h6 38. h4 Kc7 39. Nd5+ Kd8 40.
Nf6 Kc7 41. Nd5+ Kd8 42. exf5 gxf5 43. Ne3 f4 44. Nf5 h5 45. Rd1 Rxd1+ 46. Bxd1
Ra1 47. Ke1 Rc1 48. Nxd6 Kd7 49. Nf7 Ke6 50. Ng5+ Ke7 51. Ke2 Rxc4 52. Nf7 e4
53. Ne5 exf3+ 54. Kxf3 Rc1 55. Be2 Ke6 56. Nd3 Rh1 57. Nxf4+ Kf5 58. Kg3 Ra1
59. Nxh5 Ra3+ 60. Bf3 Kg6 61. Nf4+ 1-0

[Event "DEM U12/U12w 2009"]
[Site "Willingen GER"]
[Date "2009.06.03"]
[Round "6"]
[White "Herbst, Timothy"]
[Black "Kast, Joannis"]
[Result "1-0"]
[Termination "normal"]
[Board "23"]
[WhiteElo "1416"]
[BlackElo "1618"]
[PlyCount "123"]
[WhiteFideId "12900346"]
[BlackFideId "24698776"]
[EventCountry "GER"]
[EventRounds "11"]
[EventType "swiss"]
[EventDate "2009.05.30"]

1. e4 e5 2. Bc4 Nc6 3. Nf3 Bc5 4. Nc3 Nf6 5. d3 d6 6. Bg5 h6 7. Bh4 Bg4 8. h3
Bh5 9. Nd5 Nd4 10. g4 Bg6 11. Nxd4 Bxd4 12. c3 Bb6 13. Qf3 Rf8 14. Nxf6+ gxf6
15. Bxf6 Qd7 16. Bg7 Rg8 17. Bxh6 O-O-O 18. Be3 Kb8 19. h4 Bh7 20. Rg1 Bg6 21.
O-O-O Bxe3+ 22. fxe3 Rdf8 23. Rdf1 Kc8 24. h5 Bh7 25. g5 Qe7 26. Qf6 Kd8 27. g6
Qxf6 28. Rxf6 fxg6 29. Bxg8 Rxf6 30. Bxh7 gxh5 31. Bf5 b6 32. Rg8+ Ke7 33. Rh8
c6 34. Rxh5 a5 35. Rh7+ Rf7 36. Rxf7+ Kxf7 37. Kd2 Kf6 38. Ke2 c5 39. c4 Kg5
40. Kf3 Kh4 41. Kg2 Kg5 42. Kg3 Kh5 43. Kh3 Kg5 44. Bg4 Kh6 45. Kh4 Kg6 46.
Bf5+ Kf6 47. Kh5 Ke7 48. Kg6 Kd8 49. Kf6 Kc7 50. Ke7 a4 51. a3 b5 52. cxb5 Kb6
53. Kxd6 c4 54. dxc4 Kb7 55. c5 Kb8 56. c6 Ka7 57. c7 Kb6 58. c8=Q Ka7 59. b6+
Kxb6 60. Qc7+ Ka6 61. Bc8+ Kb5 62. Qc5# 1-0

[Event "DEM U12/U12w 2009"]
[Site "Willingen GER"]
[Date "2009.06.03"]
[Round "6"]
[White "Knopf, Felix"]
[Black "Kasel, Ronaldo"]
[Result "1/2-1/2"]
[Termination "normal"]
[Board "24"]
[WhiteElo "1741"]
[BlackElo "1544"]
[PlyCount "81"]
[WhiteFideId "24692204"]
[BlackFideId "24660949"]
[EventCountry "GER"]
[EventRounds "11"]
[EventType "swiss"]
[EventDate "2009.05.30"]

1. d4 d5 2. c4 c6 3. Nc3 e6 4. cxd5 cxd5 5. Nf3 Nc6 6. Bf4 Qb6 7. Qd2 Nf6 8. e3
Bb4 9. Rc1 Ne4 10. Qc2 Qa5 11. Nd2 Nxd2 12. Qxd2 f6 13. a3 Be7 14. Bg3 Bd7 15.
Be2 a6 16. O-O O-O 17. Rc2 Rac8 18. Rfc1 Na7 19. Nb1 Rxc2 20. Rxc2 Qxd2 21.
Nxd2 Rc8 22. Rxc8+ Nxc8 23. Nb3 Nb6 24. Na5 Bc8 25. Kf1 Na4 26. b4 Nc3 27. Bd3
g5 28. f3 h6 29. Ke1 Kf8 30. Kd2 Nb5 31. Bxb5 axb5 32. Nb3 Ke8 33. Kd3 b6 34.
Nd2 Kd7 35. h4 Bd6 36. hxg5 hxg5 37. Bxd6 Kxd6 38. e4 Bb7 39. exd5 Kxd5 40. Ke3
e5 41. g3 1/2-1/2

[Event "DEM U12/U12w 2009"]
[Site "Willingen GER"]
[Date "2009.06.03"]
[Round "6"]
[White "Hecht, Carsten"]
[Black "Siegert, Gregor"]
[Result "1-0"]
[Termination "normal"]
[Board "25"]
[WhiteElo "1605"]
[BlackElo "1392"]
[PlyCount "55"]
[WhiteFideId "24693928"]
[BlackFideId "1271250"]
[EventCountry "GER"]
[EventRounds "11"]
[EventType "swiss"]
[EventDate "2009.05.30"]

1. e4 c5 2. Nf3 d6 3. d4 cxd4 4. Nxd4 Nf6 5. Nc3 a6 6. Bg5 e6 7. f4 Nbd7 8. Qe2
Qc7 9. O-O-O Be7 10. g4 b5 11. a3 Bb7 12. Bg2 O-O-O 13. f5 e5 14. Nb3 h6 15.
Be3 Nc5 16. Nxc5 dxc5 17. Bf2 b4 18. axb4 cxb4 19. Na4 b3 20. Nb6+ Kb8 21. Nc4
Rxd1+ 22. Rxd1 Rc8 23. cxb3 Nd7 24. Kb1 Nc5 25. Nxe5 Nxb3 26. Nd7+ Ka8 27. Nb6+
Kb8 28. Bg3 1-0

[Event "DEM U12/U12w 2009"]
[Site "Willingen GER"]
[Date "2009.06.03"]
[Round "6"]
[White "Eichstaedt, Mirko"]
[Black "Srokovskiy, Andrea"]
[Result "1/2-1/2"]
[Termination "normal"]
[Board "26"]
[WhiteElo "1450"]
[BlackElo "1809"]
[PlyCount "39"]
[WhiteFideId "24692310"]
[BlackFideId "4624947"]
[EventCountry "GER"]
[EventRounds "11"]
[EventType "swiss"]
[EventDate "2009.05.30"]

1. e4 c5 2. Nf3 a6 3. d4 cxd4 4. Nxd4 Nf6 5. Nc3 e5 6. Nb3 Bb4 7. Bd3 d5 8.
exd5 Nxd5 9. Bd2 Nxc3 10. bxc3 Bd6 11. O-O Be6 12. Kh1 Qh4 13. f4 exf4 14. Qf3
Nc6 15. Rae1 O-O 16. Bxf4 Bxf4 17. Qxf4 Qxf4 18. Rxf4 Rac8 19. c4 Nb4 20. a3
1/2-1/2

[Event "DEM U12/U12w 2009"]
[Site "Willingen GER"]
[Date "2009.06.03"]
[Round "6"]
[White "Priese, Annika"]
[Black "Schoepe, Tobias"]
[Result "0-1"]
[Termination "normal"]
[Board "27"]
[WhiteElo "1446"]
[BlackElo "1576"]
[PlyCount "126"]
[WhiteFideId "24673730"]
[BlackFideId "24692107"]
[EventCountry "GER"]
[EventRounds "11"]
[EventType "swiss"]
[EventDate "2009.05.30"]

1. e4 e5 2. Bc4 Nf6 3. d3 c6 4. Nd2 d5 5. Bb3 Bd6 6. c3 O-O 7. Ngf3 Nbd7 8. O-O
Nc5 9. Bc2 Bg4 10. Re1 dxe4 11. dxe4 Bc7 12. Qe2 Qe7 13. Nf1 Ne6 14. Ng3 Nh5
15. Nxh5 Bxh5 16. Kh1 Qf6 17. Bd1 Rad8 18. Qc2 Bb6 19. Be3 Bxe3 20. Rxe3 Nf4
21. Nd2 Qd6 22. Nf3 Bxf3 23. Rxf3 Qd2 24. Qxd2 Rxd2 25. b4 Rfd8 26. Bb3 R2d3
27. Rxd3 Rxd3 28. c4 Rd2 29. Rd1 Rxd1+ 30. Bxd1 Nd3 31. Kg1 Nxb4 32. Bb3 Kf8
33. Kf1 Ke7 34. Ke2 Kd6 35. Ke3 f6 36. f4 exf4+ 37. Kxf4 Nd3+ 38. Kf5 Ke7 39.
h4 g6+ 40. Kg4 Kd6 41. Bc2 Ne5+ 42. Kf4 Nxc4 43. g4 h6 44. Bb1 Ne5 45. Bc2 b5
46. Bb3 c5 47. Bg8 c4 48. Bh7 g5+ 49. hxg5 hxg5+ 50. Kf5 c3 51. Kxf6 c2 52.
Kxg5 c1=Q+ 53. Kf6 Qh6+ 54. Kf5 Qxh7+ 55. Kf4 Qf7+ 56. Ke3 Qf3+ 57. Kd2 Kc5 58.
g5 Kc4 59. g6 Nxg6 60. e5 Nxe5 61. a4 Qf2+ 62. Kc1 Kc3 63. axb5 Qc2# 0-1

[Event "DEM U12/U12w 2009"]
[Site "Willingen GER"]
[Date "2009.06.03"]
[Round "6"]
[White "Ismail, Nabil"]
[Black "Ott, Florian"]
[Result "0-1"]
[Termination "normal"]
[Board "28"]
[WhiteElo "1400"]
[BlackElo "1567"]
[PlyCount "110"]
[BlackFideId "12900281"]
[EventCountry "GER"]
[EventRounds "11"]
[EventType "swiss"]
[EventDate "2009.05.30"]

1. e4 e6 2. d4 d5 3. exd5 exd5 4. Nf3 Bg4 5. Bd3 Nf6 6. O-O Be7 7. Bg5 Nc6 8.
c3 Qd7 9. Nbd2 O-O-O 10. b4 h6 11. Bh4 g5 12. Bg3 Ne8 13. Qa4 a6 14. b5 Na7 15.
Qa5 f6 16. bxa6 b6 17. Bb5 Qxb5 18. Qxb5 Nxb5 19. Rfc1 Bf5 20. a4 Na7 21. c4
Kd7 22. cxd5 Nd6 23. Rc3 Rc8 24. Rac1 Bd8 25. Nb3 Be4 26. a5 Bxd5 27. Bxd6 cxd6
28. axb6 Bxb6 29. Nbd2 Rxc3 30. Rxc3 Rc8 31. Rxc8 Nxc8 32. Kf1 Ne7 33. Ke2 Kc6
34. Kd3 Kb5 35. g3 Kxa6 36. Ng1 Nf5 37. Ne2 Kb5 38. Nc3+ Kc6 39. Nxd5 Kxd5 40.
Nf3 Bxd4 41. g4 Bxf2 42. gxf5 g4 43. Ke2 gxf3+ 44. Kxf2 Ke4 45. h3 d5 46. Kf1
Ke3 47. Ke1 d4 48. h4 h5 49. Kf1 f2 50. Kg2 Ke2 51. Kh2 f1=Q 52. Kg3 Qf3+ 53.
Kh2 Qg4 54. Kh1 Kf2 55. Kh2 Qxh4# 0-1

[Event "DEM U12/U12w 2009"]
[Site "Willingen GER"]
[Date "2009.06.03"]
[Round "6"]
[White "Oehne, Timo"]
[Black "Jermann, Isabel"]
[Result "1/2-1/2"]
[Termination "normal"]
[Board "29"]
[WhiteElo "1551"]
[BlackElo "1328"]
[PlyCount "33"]
[WhiteFideId "24661635"]
[EventCountry "GER"]
[EventRounds "11"]
[EventType "swiss"]
[EventDate "2009.05.30"]

1. d4 d5 2. c4 c6 3. Qc2 g6 4. e3 Bf5 5. Bd3 Bxd3 6. Qxd3 Nf6 7. Nc3 Bg7 8. Nf3
Nbd7 9. O-O O-O 10. Bd2 Re8 11. cxd5 cxd5 12. Rac1 Qb6 13. Qb5 a6 14. Qxb6 Nxb6
15. Ne5 Rac8 16. Ne2 Ne4 17. Ba5 1/2-1/2

[Event "DEM U12/U12w 2009"]
[Site "Willingen GER"]
[Date "2009.06.03"]
[Round "6"]
[White "Cech, Tim"]
[Black "Grigorian, Spartak"]
[Result "0-1"]
[Termination "normal"]
[Board "30"]
[WhiteElo "1410"]
[BlackElo "1765"]
[PlyCount "118"]
[WhiteFideId "1270258"]
[BlackFideId "24661490"]
[EventCountry "GER"]
[EventRounds "11"]
[EventType "swiss"]
[EventDate "2009.05.30"]

1. c4 c5 2. Nc3 g6 3. g3 Bg7 4. Bg2 Nc6 5. Nf3 e5 6. O-O Nge7 7. Rb1 O-O 8. a3
a5 9. Qa4 d6 10. b4 Bf5 11. e4 axb4 12. Qb3 Na5 13. Qa2 bxc3 14. exf5 gxf5 15.
dxc3 e4 16. Nh4 Bxc3 17. Bh6 Bg7 18. Bxg7 Kxg7 19. f3 Qd7 20. Rfe1 Ng6 21. fxe4
Nxh4 22. gxh4 fxe4 23. Bxe4 Rae8 24. Kh1 Kh8 25. Qb2+ f6 26. Bd5 Re5 27. Rg1
Qf5 28. Qg2 Qg6 29. Qxg6 hxg6 30. Rxg6 Rh5 31. Rb5 Nc6 32. Rxb7 Ne5 33. Rgg7
Rxh4 34. Ra7 f5 35. Rg2 Nxc4 36. Bxc4 Rxc4 37. Rgg7 Rc1+ 38. Kg2 Rg8 39. Rxg8+
Kxg8 40. Rd7 Rd1 41. a4 Kf8 42. a5 Ke8 43. Rb7 Ra1 44. Rb6 Kd7 45. a6 Kc7 46.
Rb7+ Kc6 47. Rf7 Rxa6 48. Rxf5 Ra8 49. h4 d5 50. Kf3 Ra3+ 51. Kg4 c4 52. h5 c3
53. h6 c2 54. h7 c1=Q 55. h8=Q Ra4+ 56. Kf3 Qf1+ 57. Kg3 Ra3+ 58. Kg4 Qg2+ 59.
Kf4 Qg3# 0-1

[Event "DEM U12/U12w 2009"]
[Site "Willingen GER"]
[Date "2009.06.03"]
[Round "6"]
[White "Faden, Maximilian"]
[Black "Nöttling, Dominik"]
[Result "0-1"]
[Termination "normal"]
[Board "31"]
[WhiteElo "1325"]
[BlackElo "1781"]
[PlyCount "70"]
[BlackFideId "24672807"]
[EventCountry "GER"]
[EventRounds "11"]
[EventType "swiss"]
[EventDate "2009.05.30"]

1. d4 Nf6 2. c4 e6 3. Nc3 Bb4 4. Nf3 d5 5. Ne5 O-O 6. Bg5 Be7 7. e3 c6 8. Qc2
Nbd7 9. Bd3 h6 10. Bh4 Nxe5 11. dxe5 Nd7 12. Bxe7 Qxe7 13. f4 dxc4 14. Bxc4
Nxe5 15. Be2 Nd7 16. O-O-O Nf6 17. Ne4 Nd5 18. Qb3 e5 19. Bc4 exf4 20. Bxd5
cxd5 21. Qxd5 Be6 22. Qe5 Rac8+ 23. Nc3 fxe3 24. Rhe1 Rc5 25. Qe4 Rfc8 26. Rxe3
b5 27. a3 a5 28. Red3 b4 29. axb4 axb4 30. Qxb4 Rxc3+ 31. bxc3 Qxb4 32. Rd8+
Kh7 33. Rxc8 Qa3+ 34. Kd2 Qb2+ 35. Kd3 Bxc8 0-1

[Event "DEM U12/U12w 2009"]
[Site "Willingen GER"]
[Date "2009.06.03"]
[Round "6"]
[White "Wendland, Tobias"]
[Black "Stolberg, Daniel"]
[Result "1-0"]
[Termination "normal"]
[Board "32"]
[WhiteElo "1622"]
[BlackElo "1412"]
[PlyCount "95"]
[WhiteFideId "24662267"]
[EventCountry "GER"]
[EventRounds "11"]
[EventType "swiss"]
[EventDate "2009.05.30"]

1. d4 Nf6 2. c4 e6 3. Nc3 Bb4 4. Bg5 O-O 5. e3 h6 6. Bh4 d5 7. Nf3 Nbd7 8. Bd3
b6 9. O-O Bb7 10. Qe2 c5 11. cxd5 Bxc3 12. dxe6 Bxb2 13. exf7+ Kh8 14. Qxb2
Rxf7 15. Qe2 cxd4 16. Nxd4 Ne5 17. Bf5 Qd5 18. f4 Nc6 19. Nxc6 Bxc6 20. Bg6
Rff8 21. Rfd1 Qe6 22. Rd4 Ng4 23. f5 Qxe3+ 24. Qxe3 Nxe3 25. Rc1 Bb7 26. Rc7
Bd5 27. Bf2 Bxg2 28. Bxe3 Bh3 29. Rdd7 Bxf5 30. Rxg7 Bxg6 31. Rxg6 Rad8 32.
Rgg7 Rg8 33. Bxh6 Rd1+ 34. Kf2 Rxg7 35. Bxg7+ Kg8 36. Rxa7 Rd2+ 37. Kg3 Rd3+
38. Kg4 Rd2 39. h4 Rg2+ 40. Kf5 Rf2+ 41. Kg6 Rg2+ 42. Kh6 Rh2 43. h5 Rg2 44.
Ra6 b5 45. Ra5 Rc2 46. Ra8+ Kf7 47. Kh7 Rg2 48. h6 1-0

[Event "DEM U12/U12w 2009"]
[Site "Willingen GER"]
[Date "2009.06.03"]
[Round "6"]
[White "Oltmanns, Bianca"]
[Black "Lagunow, Elina"]
[Result "1-0"]
[Termination "normal"]
[Board "33"]
[WhiteElo "1234"]
[BlackElo "1726"]
[PlyCount "53"]
[WhiteFideId "24698008"]
[BlackFideId "4673387"]
[EventCountry "GER"]
[EventRounds "11"]
[EventType "swiss"]
[EventDate "2009.05.30"]

1. e4 d6 2. Nf3 g6 3. Nc3 Bg7 4. d4 Nf6 5. h3 O-O 6. Be3 Nbd7 7. Bc4 e5 8. Qd2
exd4 9. Nxd4 Re8 10. f3 Ne5 11. Bb3 Bd7 12. a3 a6 13. O-O-O b5 14. Qf2 Rb8 15.
g4 b4 16. axb4 Rxb4 17. h4 c5 18. Nde2 c4 19. Ba2 Qb8 20. b3 Rc8 21. Ba7 Qb7
22. Rxd6 cxb3 23. Bxb3 Nfxg4 24. fxg4 Nxg4 25. Qxf7+ Kh8 26. Rxd7 Bh6+ 27. Kb2
1-0

[Event "DEM U12/U12w 2009"]
[Site "Willingen GER"]
[Date "2009.06.03"]
[Round "6"]
[White "Zimmermann, Jasmin"]
[Black "Peters, Tom"]
[Result "1-0"]
[Termination "normal"]
[Board "34"]
[WhiteElo "1283"]
[BlackElo "1528"]
[PlyCount "107"]
[WhiteFideId "12900400"]
[BlackFideId "24694444"]
[EventCountry "GER"]
[EventRounds "11"]
[EventType "swiss"]
[EventDate "2009.05.30"]

1. e4 c5 2. c3 d5 3. exd5 Qxd5 4. d4 cxd4 5. cxd4 Nc6 6. Nc3 Bg4 7. Be2 e6 8.
Nf3 Qh5 9. h3 Nf6 10. Rg1 Bxf3 11. Bxf3 Qa5 12. Bxc6+ bxc6 13. Qf3 Nd5 14. Bd2
Bb4 15. a3 O-O 16. Rc1 Bxc3 17. Bxc3 Nxc3 18. Qxc3 Qxc3+ 19. Rxc3 Rab8 20. b4
a5 21. Rc4 axb4 22. axb4 Ra8 23. Kd2 Ra2+ 24. Rc2 Rxc2+ 25. Kxc2 Ra8 26. Kb3
Kf8 27. Rc1 Rd8 28. Rxc6 Rxd4 29. Rc2 Ke7 30. b5 Rd5 31. Ka4 Rd1 32. Ka5 Kd6
33. Kb6 Rb1 34. Ka6 e5 35. b6 f5 36. b7 Ra1+ 37. Kb6 Rb1+ 38. Ka7 Ra1+ 39. Kb8
Kd7 40. Rd2+ Ke6 41. Kc8 Rc1+ 42. Kb8 g5 43. Ra2 f4 44. Ka8 Rb1 45. b8=Q Rxb8+
46. Kxb8 e4 47. Ra3 h5 48. Kc7 Kf5 49. Kd6 h4 50. Kd5 e3 51. fxe3 fxe3 52. Rxe3
g4 53. hxg4+ Kxg4 54. Ke4 1-0

[Event "DEM U12/U12w 2009"]
[Site "Willingen GER"]
[Date "2009.06.03"]
[Round "6"]
[White "Huckebrink, Chris"]
[Black "Nitzsche, Pia"]
[Result "1-0"]
[Termination "normal"]
[Board "35"]
[WhiteElo "1489"]
[BlackElo "1350"]
[PlyCount "75"]
[BlackFideId "12900370"]
[EventCountry "GER"]
[EventRounds "11"]
[EventType "swiss"]
[EventDate "2009.05.30"]

1. e4 c5 2. Nf3 d6 3. d4 cxd4 4. Nxd4 Nf6 5. Nc3 g6 6. f3 Bg7 7. Be3 O-O 8. Qd2
Nc6 9. O-O-O d5 10. Nxc6 bxc6 11. exd5 cxd5 12. Nxd5 Nxd5 13. Qxd5 Qc7 14. Qc5
Qb7 15. Bd4 Bh6+ 16. Kb1 Rd8 17. Bc4 e6 18. Qe5 f6 19. Bxe6+ Bxe6 20. Qxe6+ Qf7
21. Qxf6 Qxf6 22. Bxf6 Rxd1+ 23. Rxd1 Kf7 24. Rd8 Rxd8 25. Bxd8 Ke6 26. Bc7 Kf5
27. g4+ Kg5 28. Bg3 Bf8 29. c4 Bc5 30. Kc2 Be3 31. Kd3 Bb6 32. Ke4 h5 33. h4+
Kf6 34. Kd5 hxg4 35. fxg4 g5 36. Be5+ Kg6 37. h5+ Kh6 38. Bd4 1-0

[Event "DEM U12/U12w 2009"]
[Site "Willingen GER"]
[Date "2009.06.03"]
[Round "6"]
[White "Bosse, Lea"]
[Black "Fell, Fabian"]
[Result "1/2-1/2"]
[Termination "normal"]
[Board "36"]
[WhiteElo "1254"]
[BlackElo "1488"]
[PlyCount "27"]
[WhiteFideId "12900419"]
[BlackFideId "24698873"]
[EventCountry "GER"]
[EventRounds "11"]
[EventType "swiss"]
[EventDate "2009.05.30"]

1. e4 e5 2. Nf3 Nf6 3. d4 Nxe4 4. Bd3 d5 5. Nxe5 Nd7 6. Nxd7 Bxd7 7. O-O Qh4 8.
c4 Bd6 9. g3 Nxg3 10. hxg3 Bxg3 11. fxg3 Qxg3+ 12. Kh1 Qh3+ 13. Kg1 Qg3+ 14.
Kh1 1/2-1/2

[Event "DEM U12/U12w 2009"]
[Site "Willingen GER"]
[Date "2009.06.03"]
[Round "6"]
[White "Damm, Nils"]
[Black "Reksten, Anne"]
[Result "1-0"]
[Termination "normal"]
[Board "37"]
[WhiteElo "1458"]
[BlackElo "1176"]
[PlyCount "137"]
[WhiteFideId "24693065"]
[BlackFideId "24692778"]
[EventCountry "GER"]
[EventRounds "11"]
[EventType "swiss"]
[EventDate "2009.05.30"]

1. e4 c6 2. d4 d5 3. Nc3 dxe4 4. Nxe4 Bf5 5. Ng3 Bg6 6. Nh3 Nd7 7. Nf4 e6 8.
Nxg6 hxg6 9. Bc4 Bd6 10. Ne4 Bc7 11. Qe2 Qe7 12. c3 Nh6 13. Bg5 f6 14. Bxh6
Rxh6 15. Ng3 e5 16. O-O-O O-O-O 17. d5 cxd5 18. Bxd5 Nb6 19. Bf3 f5 20. Rxd8+
Qxd8 21. Qd2 Qxd2+ 22. Kxd2 Nc4+ 23. Kc2 e4 24. Be2 Ne5 25. h3 Bb6 26. Rf1 Rh8
27. f3 e3 28. f4 Nc6 29. Bb5 Re8 30. Bxc6 bxc6 31. Re1 Bc7 32. Ne2 g5 33. g3
gxf4 34. gxf4 Rg8 35. Nd4 Bxf4 36. Nxf5 Kb7 37. Nxe3 Bxe3 38. Rxe3 Kb6 39. Rg3
Kc7 40. h4 Kb6 41. h5 Rh8 42. Rg5 a6 43. Kb3 a5 44. Ka4 Ka6 45. Rxa5+ Kb6 46.
Rg5 Ka6 47. c4 Kb6 48. c5+ Ka6 49. b4 Rh6 50. Rg6 Rxh5 51. Rxc6+ Kb7 52. Rg6
Rh2 53. Rxg7+ Kb8 54. a3 Rh6 55. Kb5 Rf6 56. c6 Rf8 57. Kb6 Kc8 58. Ra7 Kb8 59.
c7+ Kc8 60. Ra8+ Kd7 61. Rxf8 Kd6 62. Rd8+ Ke5 63. c8=Q Kf6 64. Qc6+ Ke5 65.
Qd5+ Kf4 66. Rf8+ Ke3 67. Rf3+ Ke2 68. Qd3+ Ke1 69. Rf1# 1-0

[Event "DEM U12/U12w 2009"]
[Site "Willingen GER"]
[Date "2009.06.03"]
[Round "6"]
[White "Edel, Fenja"]
[Black "Hoffmann, Tim"]
[Result "0-1"]
[Termination "normal"]
[Board "38"]
[WhiteElo "1142"]
[BlackElo "1455"]
[PlyCount "62"]
[WhiteFideId "24696749"]
[BlackFideId "12900338"]
[EventCountry "GER"]
[EventRounds "11"]
[EventType "swiss"]
[EventDate "2009.05.30"]

1. d4 d5 2. e3 Bf5 3. c4 c6 4. Qb3 Qc7 5. Nc3 e6 6. Nf3 Be7 7. Be2 Nd7 8. cxd5
cxd5 9. O-O Ngf6 10. Nh4 Ng4 11. Bxg4 Bxg4 12. Nf3 Bxf3 13. gxf3 a6 14. f4 b5
15. Bd2 Nb6 16. a4 b4 17. Ne2 a5 18. Rac1 Qd7 19. Ra1 Nc4 20. Qc2 Rc8 21. Rfc1
O-O 22. b3 Nxe3 23. Qd3 Nf5 24. Qb5 Qxb5 25. axb5 Ra8 26. Rc6 Rfb8 27. Ra6 Rxa6
28. bxa6 Bd8 29. Rc1 Ne7 30. Rc5 Bb6 31. Rb5 Nc6 0-1

[Event "DEM U12/U12w 2009"]
[Site "Willingen GER"]
[Date "2009.06.03"]
[Round "6"]
[White "Gabriel, Liem Thanh"]
[Black "Koch, Elisabeth"]
[Result "1-0"]
[Termination "normal"]
[Board "39"]
[WhiteElo "1798"]
[BlackElo "1301"]
[PlyCount "43"]
[WhiteFideId "24696005"]
[BlackFideId "24695068"]
[EventCountry "GER"]
[EventRounds "11"]
[EventType "swiss"]
[EventDate "2009.05.30"]

1. f4 d5 2. Nf3 Nc6 3. b3 Bf5 4. Bb2 Nf6 5. e3 e6 6. Bb5 Ne4 7. d3 Nf6 8. Nbd2
Bd6 9. O-O O-O 10. Bxc6 bxc6 11. Qe1 h6 12. Nh4 Bh7 13. Qg3 Nh5 14. Qg4 Nf6 15.
Qh3 c5 16. Rf3 Re8 17. Rg3 Bf8 18. Nhf3 Re7 19. Qxh6 Ne8 20. Qh4 Rd7 21. Ng5
Qxg5 22. fxg5 1-0

[Event "DEM U12/U12w 2009"]
[Site "Willingen GER"]
[Date "2009.06.03"]
[Round "6"]
[White "Bajorski, Maria Sophie"]
[Black "Rahimi, Anita"]
[Result "0-1"]
[Termination "normal"]
[Board "40"]
[WhiteElo "1485"]
[BlackElo "1290"]
[PlyCount "90"]
[WhiteFideId "24654531"]
[BlackFideId "24692336"]
[EventCountry "GER"]
[EventRounds "11"]
[EventType "swiss"]
[EventDate "2009.05.30"]

1. e4 c5 2. Nf3 d6 3. d4 cxd4 4. Nxd4 Nc6 5. Nc3 e6 6. Bc4 a6 7. Bb3 Nf6 8. f4
Qc7 9. Be3 Be7 10. Qf3 Bd7 11. Qg3 g6 12. O-O-O b5 13. Qf3 b4 14. Nce2 Nxd4 15.
Rxd4 a5 16. e5 Nd5 17. Bxd5 exd5 18. Qxd5 Rc8 19. c3 dxe5 20. fxe5 Be6 21. Qb5+
Qc6 22. Qxc6+ Rxc6 23. Rhd1 O-O 24. Kb1 Bf5+ 25. Ka1 h5 26. Rd5 Bg4 27. R1d2
Rfc8 28. Rxa5 Bxe2 29. Rxe2 bxc3 30. bxc3 Rxc3 31. Kb2 Bb4 32. Ra4 Be7 33. Bd4
R3c6 34. Rf2 Rb8+ 35. Rb4 Rxb4+ 36. Ka3 Rxd4+ 37. Kb3 Rb4+ 38. Ka3 Rf4+ 39. Kb3
Rxf2 40. a4 Rf1 41. a5 Rb1+ 42. Ka4 Rc8 43. e6 fxe6 44. g4 Rcb8 45. gxh5 Ra1#
0-1

[Event "DEM U12/U12w 2009"]
[Site "Willingen GER"]
[Date "2009.06.03"]
[Round "6"]
[White "Behr, Jessica"]
[Black "Schwarz, Larissa"]
[Result "0-1"]
[Termination "normal"]
[Board "41"]
[WhiteElo "1053"]
[BlackElo "1403"]
[PlyCount "42"]
[BlackFideId "24699004"]
[EventCountry "GER"]
[EventRounds "11"]
[EventType "swiss"]
[EventDate "2009.05.30"]

1. e4 c5 2. Nf3 e6 3. d4 cxd4 4. Nxd4 a6 5. Nc3 Qc7 6. a3 Nf6 7. Be3 b5 8. b4
Qxc3+ 9. Bd2 Qxd4 10. Bd3 Nxe4 11. O-O Nxd2 12. Qxd2 Qd5 13. Qc3 Bb7 14. f3 Nc6
15. Rfd1 Qe5 16. Qd2 Bd6 17. g3 Nd4 18. Rf1 Nxf3+ 19. Rxf3 Bxf3 20. Re1 Qd4+
21. Kf1 Bb8 0-1

[Event "DEM U12/U12w 2009"]
[Site "Willingen GER"]
[Date "2009.06.03"]
[Round "6"]
[White "Mehling, Katharina"]
[Black "Herbrig, Marie-Helen"]
[Result "1-0"]
[Termination "normal"]
[Board "42"]
[WhiteElo "1352"]
[BlackElo "1248"]
[PlyCount "121"]
[WhiteFideId "12900362"]
[BlackFideId "12900427"]
[EventCountry "GER"]
[EventRounds "11"]
[EventType "swiss"]
[EventDate "2009.05.30"]

1. d4 d5 2. c4 e5 3. dxe5 d4 4. Nf3 Nc6 5. Nbd2 Bg4 6. Nb3 Bxf3 7. exf3 h6 8.
f4 Nge7 9. Be2 Ng6 10. O-O Be7 11. Bf3 Qd7 12. Bxc6 Qxc6 13. Qxd4 b6 14. Re1
O-O 15. Qe4 Qxe4 16. Rxe4 Rad8 17. Re1 Bb4 18. Rf1 Rfe8 19. Be3 Be7 20. Nd4 Bc5
21. Nc6 Ra8 22. Bxc5 bxc5 23. g3 a5 24. f5 Nf8 25. e6 f6 26. e7 Nd7 27. Rfd1
Ne5 28. Nxe5 fxe5 29. Rd7 c6 30. Rad1 Kf7 31. Rc7 Ra6 32. Rd6 Rxe7 33. Rdxc6
Rxc6 34. Rxc6 Ra7 35. Rxc5 Kf6 36. g4 a4 37. Kf1 Rb7 38. Rb5 Ra7 39. Ke2 Rc7
40. c5 Kg5 41. Ke3 Kxg4 42. Ke4 Re7 43. c6 Rc7 44. Rc5 h5 45. Rc3 Kg5 46. b4
axb3 47. axb3 Kf6 48. b4 Ke7 49. Kd5 Kd8 50. b5 Kc8 51. b6 Rf7 52. Ke6 Rf6+ 53.
Kxe5 Kb8 54. c7+ Kc8 55. b7+ Kxb7 56. c8=Q+ Ka7 57. Ra3+ Kb6 58. Rb3+ Ka5 59.
Qa8+ Ra6 60. Qd5+ Ka4 61. Qb5# 1-0

[Event "DEM U12/U12w 2009"]
[Site "Willingen GER"]
[Date "2009.06.03"]
[Round "6"]
[White "Michels, Kim"]
[Black "Diederichs, Luise"]
[Result "0-1"]
[Termination "normal"]
[Board "43"]
[WhiteElo "1349"]
[BlackElo "1209"]
[PlyCount "62"]
[WhiteFideId "24690066"]
[BlackFideId "24661597"]
[EventCountry "GER"]
[EventRounds "11"]
[EventType "swiss"]
[EventDate "2009.05.30"]

1. Nf3 e6 2. b3 Nf6 3. Bb2 b6 4. e3 d5 5. Be2 Bd6 6. O-O Bb7 7. Ne5 Nbd7 8. f4
c5 9. d3 Qc7 10. Nxd7 Qxd7 11. Nd2 O-O-O 12. Nf3 Ng4 13. Qd2 f5 14. h3 Nf6 15.
Ne5 Qe7 16. Qe1 Rdg8 17. Ba3 Nd7 18. d4 g5 19. Nxd7 Kxd7 20. dxc5 Bxc5 21. Bb2
Bxe3+ 22. Kh1 d4 23. Rd1 gxf4 24. Bxd4 Bxd4 25. Rxd4+ Ke8 26. Bh5+ Kf8 27. Rf2
Qh4 28. Qxe6 Qxh3+ 29. Kg1 Rxg2+ 30. Kf1 Rg6+ 31. Ke1 Rxe6+ 0-1